=LDR 00000nam 2200000 4500 =001 INLIS000000000025638 =005 20130612124131 =008 ***********************************Ind** =035 ##$$0010-061300000025638 =041 ##$$a Ind =082 ##$$a 540.007 =090 ##$$a 540.007, Pur k =100 ##$$a Purbianto, Agung =245 ##$$a Kimia 1 program inti untuk kelas 1 sekolah menengah umum tingkat atas, Agung Purbianto =260 ##$$a 1989 $b Jakarta =300 ##$$a 208 hlm, 21 cm =650 ##$$a Kimia =850 ##$$a NBPNMAT